1364 1586 1184 1642 1251 1647 1613 1649 1362 1451 1990 1744 1917 1933 1043 1606 1540 1430 1067 1466 1300 1540 1078 1995 1109 1382 1834 1321 1417 1382 1491 1869 1179 1755 1370 1566 1335 1584 1294 1854 1023 1503 1363 1608 1078 1241 1977 1600 1408 1402 1577 1449 1073 1325 1611 1772 1415 1491 1099 1558 1088 1747 1909 1220 1703 1094 1590 1190 1577 1031 1694 1822 1079 1888 1411 1356 1245 1564 1451 1470 1406 1432 1108 1661 1138 1873 1496 1943 1006 1754 1276 1918 1213 1675 1266 1817 1710 1669 1873 BCNSPRNW ULIB Ver.6.0+V

เปลี่ยนเป็นภาษาไทย

Change to English
 แสดงรายละเอียดบรรณานุกรม
  กลับหน้าหลัก

Brief Record : Get Marc (ISO 2709) : E-mail record : QR code < ปิดหน้าต่าง
LEADER : 00000nam 2200000uu 4500
001    13399123817
003     ULIB
008    141201s2555||||th 000 0 tha d
020    9789740326762
060 04 WY32.JT3^bม453ข
100 0  มานิตย์ จุมปา
245 10 ข้อควรระวังทางกฎหมายของพยาบาล /^cมานิตย์ จุมปา
250    พิมพ์ครั้งที่ 3
260    กรุงเทพฯ :^bสำนักพิมพ์แห่งจุฬาลงกรณ์มหาวิทยาลัย,^c2555
300    113 หน้า ;^c21 ซม.
650  4 การพยาบาล^xกฎหมายและระเบียบข้อบังคับ
945    ^p70^l0^i22223
945    ^p70^l0^i22224
995    ทศพร
999 ^a ใช้งานได้ทุกระบบ
รายการนี้ยังไม่มีแท็ก
คุณยังไม่ได้ล็อกอิน คุณสามารถมีกิจกรรมร่วมกับเว็บไซต์ได้ แต่ต้องล็อกอินก่อน ::
  ล็อกอิน

รายการสื่อสารสนเทศ

ลำดับที่ ประเภท เลขเรียก/บาร์โค้ด สถานที่ สถานะ
1. Book การพยาบาล
หนังสือสำรอง
สถานะ=หนังสือสำรอง
WY32.JT3 ม453ข ฉ.1 
  Barcode: 22223
ห้องสมุดวิทยาเขตนครสวรรค์
►หนังสือทั่วไป:l:General Books
บนชั้น
2. Book การพยาบาล
Book การพยาบาล
WY32.JT3 ม453ข ฉ.2 
  Barcode: 22224
ห้องสมุดวิทยาเขตนครสวรรค์
►หนังสือทั่วไป:l:General Books
บนชั้น

รายการใกล้เคียง
    ผู้แต่ง [มานิตย์ จุมปา]

BibComment


ยังไม่เคยถูกคอมเมนท์

คอมเมนท์ทรัพยากรรายการนี้
  คอมเมนท์: ข้อควรระวังทางกฎห..


 Copyright 2026. Bcnsprnw @Library